| 000 | 00513nam a22001697a 4500 | ||
|---|---|---|---|
| 999 |
_c41011 _d41011 |
||
| 003 | OSt | ||
| 005 | 20210225115614.0 | ||
| 008 | 210225b ||||| |||| 00| 0 eng d | ||
| 020 | _a9789332543713 | ||
| 040 | _coclc | ||
| 082 |
_a516 _bMIS/F |
||
| 100 |
_98476 _aMishra, Sanjay |
||
| 245 |
_aFundamentals of Mathematics For JEE And Advanced : _bCoordinate Geometry / _cSanjay Mishra |
||
| 250 | _a2nd Ed. | ||
| 260 |
_aDelhi: _bPearson, _c2015. |
||
| 942 |
_2ddc _cBK _h516 _iMIS/F _k516 _mMIS/F |
||